| 000 | 00631pam a2200193 a 4500 | ||
|---|---|---|---|
| 020 | _a0521420881 | ||
| 040 | _cDLC | ||
| 082 | 0 | 0 | _a582 CUP 1994 C149 Or. |
| 100 | 1 | _aEndress, Peter K. | |
| 245 | 1 | 0 | _aDiversity and evolutionary biology of tropical flowers / |
| 260 |
_aCambridge [England] ; _aNew York, NY, USA : _bCambridge University Press, _c1994. |
||
| 300 |
_axiv, 511 p. : _bill. ; _c24 cm. |
||
| 650 | 0 | _aFlowers | |
| 650 | 0 | _aTropical plants | |
| 650 | 0 | _aPlants | |
| 856 | 4 | 2 | _uhttp://www.loc.gov/catdir/description/cam032/93026508.html |
| 856 | 4 | 1 | _uhttp://www.loc.gov/catdir/toc/cam031/93026508.html |
| 942 | _cAEDBB | ||
| 999 |
_c18627 _d18627 |
||